[Event "DEM U12/U12w 2015"]
[Site "Willingen GER"]
[Date "2015.05.29"]
[Round "9"]
[White "Glinzner, Alva"]
[Black "Merk, Daniel"]
[Result "0-1"]
[Termination "normal"]
[Board "34"]
[WhiteElo "1257"]
[BlackElo "1799"]
[PlyCount "72"]
[WhiteFideId "16206169"]
[BlackFideId "12938386"]
[EventCountry "GER"]
[EventRounds "11"]
[EventType "swiss"]
[EventDate "2015.05.23"]

1. e4 c6 2. d4 d5 3. Nc3 dxe4 4. Nxe4 Bf5 5. Ng3 Bg6 6. Nf3 Nd7 7. h4 h6 8. h5
Bh7 9. Bd3 Bxd3 10. Qxd3 e6 11. Bf4 Qa5+ 12. c3 Ngf6 13. O-O Be7 14. Rfe1 Nxh5
15. b4 Nxf4 16. Qd2 Qc7 17. Rad1 O-O 18. Ne5 Bg5 19. Qc2 Nxe5 20. Rxe5 Ng6 21.
Re2 a5 22. a3 axb4 23. axb4 Ra3 24. Ree1 Rfa8 25. Ne4 Be7 26. Nc5 Ra2 27. Qe4
Nf8 28. Nd3 Nd7 29. Nf4 Nf6 30. Qf3 Bd6 31. Ne2 b5 32. g3 Nd5 33. Kg2 R2a3 34.
Qh5 Nxc3 35. Nxc3 Rxc3 36. Rb1 Raa3 0-1

[Event "DEM U12/U12w 2015"]
[Site "Willingen GER"]
[Date "2015.05.29"]
[Round "9"]
[White "Brunkardt, Elena"]
[Black "Abele, Anais"]
[Result "1-0"]
[Termination "normal"]
[Board "35"]
[WhiteElo "1474"]
[BlackElo "1210"]
[PlyCount "103"]
[WhiteFideId "16208838"]
[BlackFideId "16208927"]
[EventCountry "GER"]
[EventRounds "11"]
[EventType "swiss"]
[EventDate "2015.05.23"]

1. d4 Nf6 2. Nf3 d5 3. e3 c6 4. Be2 g6 5. O-O Bg7 6. b3 O-O 7. Bb2 Bf5 8. c4
Nbd7 9. Nc3 Nb6 10. Rc1 Rc8 11. c5 Nbd7 12. h3 Re8 13. Bd3 Bxd3 14. Qxd3 h6 15.
Rfd1 Nh7 16. e4 dxe4 17. Nxe4 Nhf6 18. Nxf6+ Nxf6 19. Ne5 Nd5 20. Qf3 Nf6 21.
b4 e6 22. Nc4 Bf8 23. a3 Nd5 24. Ne3 Nxe3 25. fxe3 Bg7 26. Rf1 Rf8 27. Rf2 Qd5
28. Qxd5 cxd5 29. b5 Rc7 30. Rfc2 Rfc8 31. a4 Kf8 32. c6 b6 33. Ba3+ Ke8 34.
Bd6 Kd8 35. Bxc7+ Rxc7 36. Rf1 Ke8 37. g4 Ke7 38. Rcf2 f5 39. Kg2 Ke8 40. gxf5
exf5 41. Rf3 Kf7 42. h4 h5 43. Re1 Bf6 44. Kh3 Ke6 45. Rg1 Rg7 46. Ra1 g5 47.
hxg5 Rxg5 48. c7 Rg8 49. Rc1 Rc8 50. Rc6+ Ke7 51. Rxf5 Bg7 52. Rxd5 1-0

[Event "DEM U12/U12w 2015"]
[Site "Willingen GER"]
[Date "2015.05.29"]
[Round "9"]
[White "Schnabel, Luise"]
[Black "Truong, Lisa"]
[Result "1-0"]
[Termination "normal"]
[Board "36"]
[WhiteElo "1458"]
[BlackElo "1264"]
[PlyCount "41"]
[WhiteFideId "12943347"]
[BlackFideId "12983462"]
[EventCountry "GER"]
[EventRounds "11"]
[EventType "swiss"]
[EventDate "2015.05.23"]

1. e4 d5 2. exd5 Qxd5 3. Nc3 Qd6 4. d4 Nf6 5. Nf3 c6 6. Ne5 Nbd7 7. f4 Qc7 8.
Bc4 e6 9. O-O Nxe5 10. fxe5 Nd5 11. Nxd5 cxd5 12. Bd3 h6 13. c3 g6 14. Qf3 Bg7
15. Be3 O-O 16. Qh3 g5 17. Bxg5 b6 18. Bxh6 Bxh6 19. Qxh6 f5 20. exf6 Rf7 21.
Bg6 1-0

[Event "DEM U12/U12w 2015"]
[Site "Willingen GER"]
[Date "2015.05.29"]
[Round "9"]
[White "Ziegenfuß, Larissa"]
[Black "Zell, Hannah"]
[Result "1-0"]
[Termination "normal"]
[Board "37"]
[WhiteElo "1574"]
[BlackElo "1224"]
[PlyCount "135"]
[WhiteFideId "12974722"]
[BlackFideId "16208900"]
[EventCountry "GER"]
[EventRounds "11"]
[EventType "swiss"]
[EventDate "2015.05.23"]

1. e4 g6 2. d4 d6 3. Nf3 Bg7 4. c3 Nf6 5. Nbd2 O-O 6. Bc4 e6 7. Bb3 Re8 8. O-O
c6 9. Qe2 Nbd7 10. h3 Nb6 11. e5 dxe5 12. Nxe5 Nfd5 13. Ndf3 Nd7 14. Rd1 Qc7
15. Nxd7 Bxd7 16. c4 Nf6 17. Ne5 Rad8 18. Bg5 Rc8 19. Qf3 Rf8 20. Bxf6 a6 21.
Bxg7 Kxg7 22. Ng4 h5 23. Qf6+ Kh7 24. Ne5 Be8 25. Rd3 Qd8 26. Qxd8 Rxd8 27. d5
cxd5 28. cxd5 Bb5 29. Rdd1 exd5 30. Bxd5 f6 31. Nf3 Be2 32. Re1 Bxf3 33. Bxf3
b5 34. Rad1 f5 35. Rxd8 Rxd8 36. Rd1 Rxd1+ 37. Bxd1 a5 38. Kf1 Kg7 39. Ke2 Kf6
40. Kd3 Ke5 41. Bb3 g5 42. a4 bxa4 43. Bxa4 g4 44. hxg4 hxg4 45. Kc4 Kf4 46.
Bc6 g3 47. fxg3+ Kxg3 48. Kb5 Kf4 49. Kxa5 Ke5 50. b4 Kd6 51. Kb6 f4 52. b5 Ke7
53. Kc7 Ke6 54. b6 Ke5 55. b7 Kd4 56. b8=Q Ke5 57. Qb5+ Kd4 58. Qd5+ Ke3 59.
Qe4+ Kd2 60. Qf3 Kc2 61. Kd6 Kd2 62. Kd5 Kc2 63. Kd4 Kb2 64. Qc3+ Kb1 65. Qd2
f3 66. Be4+ Ka1 67. Qc2 fxg2 68. Qb1# 1-0

[Event "DEM U12/U12w 2015"]
[Site "Willingen GER"]
[Date "2015.05.29"]
[Round "9"]
[White "Bardorz, Jana"]
[Black "Wastian, Mareike"]
[Result "0-1"]
[Termination "normal"]
[Board "38"]
[WhiteElo "1263"]
[BlackElo "1573"]
[PlyCount "98"]
[WhiteFideId "16208897"]
[BlackFideId "12947423"]
[EventCountry "GER"]
[EventRounds "11"]
[EventType "swiss"]
[EventDate "2015.05.23"]

1. e4 d5 2. exd5 Nf6 3. d4 Bg4 4. f3 Bf5 5. Bb5+ Nbd7 6. Ne2 Nxd5 7. c4 N5f6 8.
Nbc3 c6 9. Ba4 e6 10. g4 Bg6 11. g5 Ng8 12. h4 h5 13. Be3 Qc7 14. Bf4 Bd6 15.
Bxd6 Qxd6 16. c5 Qc7 17. Bc2 Ne7 18. f4 O-O-O 19. b4 Nf8 20. a4 Bxc2 21. Qxc2
Nfg6 22. Qd2 Nd5 23. Nxd5 Rxd5 24. b5 Rf5 25. Rf1 Nxh4 26. Ng3 Rd5 27. Rb1 g6
28. b6 axb6 29. cxb6 Qd6 30. Ne2 Nf5 31. Rd1 Rd8 32. a5 Nxd4 33. Nxd4 Rxd4 34.
Qxd4 Qxd4 35. Rxd4 Rxd4 36. Ke2 Ra4 37. Ke3 Rxa5 38. Rb1 Rb5 39. Rxb5 cxb5 40.
Kd4 h4 41. Ke5 Kd7 42. Kf6 Ke8 43. Kg7 h3 44. Kf6 h2 45. Kg7 h1=Q 46. Kg8 Qa1
47. f5 exf5 48. Kh7 Kf8 49. Kh6 Qh8# 0-1

[Event "DEM U12/U12w 2015"]
[Site "Willingen GER"]
[Date "2015.05.29"]
[Round "9"]
[White "Creß, Bastian"]
[Black "Fischer, Laura"]
[Result "1-0"]
[Termination "normal"]
[Board "39"]
[WhiteElo "1387"]
[BlackElo "1207"]
[PlyCount "61"]
[WhiteFideId "16208846"]
[BlackFideId "16208935"]
[EventCountry "GER"]
[EventRounds "11"]
[EventType "swiss"]
[EventDate "2015.05.23"]

1. e4 e5 2. Nf3 Nc6 3. Bb5 f5 4. d4 fxe4 5. Nxe5 Nf6 6. O-O a6 7. Ba4 b5 8.
Nxc6 dxc6 9. Bb3 Bd6 10. Bg5 Bf5 11. Kh1 c5 12. Bxf6 Qxf6 13. dxc5 O-O-O 14.
cxd6 Qxb2 15. Nd2 Rxd6 16. Qe2 Rhd8 17. Nxe4 Bxe4 18. Qxe4 Kb8 19. h3 c5 20.
Qxh7 Qc3 21. Bf7 Rd2 22. Rac1 c4 23. Bh5 Qb2 24. Bf3 Rxf2 25. Qe4 Rxf1+ 26.
Rxf1 Rd7 27. Qa8+ Kc7 28. Qb7+ Kd8 29. Qb8+ Ke7 30. Re1+ Kf6 31. Qf4+ 1-0

[Event "DEM U12/U12w 2015"]
[Site "Willingen GER"]
[Date "2015.05.29"]
[Round "9"]
[White "Delgado, Celina"]
[Black "Höfs, Cederik"]
[Result "1/2-1/2"]
[Termination "normal"]
[Board "40"]
[WhiteElo "1153"]
[BlackElo "1377"]
[PlyCount "115"]
[WhiteFideId "12993735"]
[BlackFideId "16207653"]
[EventCountry "GER"]
[EventRounds "11"]
[EventType "swiss"]
[EventDate "2015.05.23"]

1. d4 c6 2. c4 d5 3. Nf3 Nf6 4. e3 Bg4 5. Nbd2 e6 6. Be2 Bd6 7. O-O O-O 8. b3
Nbd7 9. Bb2 Re8 10. Qc2 Rc8 11. Rfe1 Bb4 12. Bc3 Bxc3 13. Qxc3 Nb6 14. Ne5 Bxe2
15. Rxe2 Nbd7 16. Ndf3 Ne4 17. Qc2 f6 18. Nxd7 Qxd7 19. Nd2 Ng5 20. Rd1 e5 21.
Nf1 e4 22. Ng3 Rf8 23. Qd2 Nf3+ 24. gxf3 exf3 25. Kh1 fxe2 26. Qxe2 dxc4 27.
bxc4 Rcd8 28. Rg1 g6 29. Ne4 Qe7 30. Qf3 Qf7 31. Qe2 Rfe8 32. Ng3 f5 33. Qf3
Kh8 34. Rc1 Rd7 35. Qf4 Red8 36. Qe5+ Qg7 37. Qc5 a6 38. Rg1 Qe7 39. Qa5 Qe6
40. Qc3 Kg8 41. Nh5 Qe4+ 42. Rg2 Kf7 43. Nf4 Qb1+ 44. Rg1 Qxa2 45. Nh3 h6 46.
Nf4 g5 47. Nd3 Kg8 48. Nc5 Re7 49. Nd3 Kh7 50. Qb4 Rdd7 51. Qc5 Rc7 52. Qxf5+
Kg8 53. Qg6+ Rg7 54. Qe6+ Kh7 55. Qe4+ Kh8 56. Qe8+ Rg8 57. Qe5+ Rcg7 58. Qe6
1/2-1/2

[Event "DEM U12/U12w 2015"]
[Site "Willingen GER"]
[Date "2015.05.29"]
[Round "9"]
[White "Knape, Albert"]
[Black "Basovskiy, Jana"]
[Result "1/2-1/2"]
[Termination "normal"]
[Board "41"]
[WhiteElo "1222"]
[BlackElo "1367"]
[PlyCount "100"]
[WhiteFideId "16208919"]
[BlackFideId "16208617"]
[EventCountry "GER"]
[EventRounds "11"]
[EventType "swiss"]
[EventDate "2015.05.23"]

1. e4 c5 2. Nf3 e6 3. d4 cxd4 4. Nxd4 Nc6 5. Nc3 Nf6 6. Bc4 Bb4 7. Nxc6 bxc6 8.
Bd3 d5 9. exd5 cxd5 10. Bd2 Bb7 11. O-O O-O 12. a3 Ba5 13. Ne2 Bb6 14. Ng3 Rc8
15. Bb4 Re8 16. Bb5 Bc6 17. Bxc6 Rxc6 18. Qd3 Qc7 19. Rac1 Rc8 20. Rfd1 Rxc2
21. Rxc2 Qxc2 22. Qxc2 Rxc2 23. Rd2 Rc1+ 24. Nf1 Ne4 25. Re2 Bd4 26. a4 Rb1 27.
Ba3 Rd1 28. Rc2 h6 29. g3 Nd2 30. Rxd2 Rxd2 31. Nxd2 Kh7 32. Kg2 Kg6 33. g4 Bf6
34. Bc5 a6 35. b3 Kg5 36. h3 Kf4 37. Kf1 Bc3 38. Ke2 Kg5 39. b4 Kh4 40. b5 axb5
41. axb5 Ba5 42. b6 Kxh3 43. f3 g6 44. b7 Bc7 45. Ba7 h5 46. gxh5 gxh5 47. b8=Q
Bxb8 48. Bxb8 Kg2 49. Ke3 h4 50. f4 h3 1/2-1/2

[Event "DEM U12/U12w 2015"]
[Site "Willingen GER"]
[Date "2015.05.29"]
[Round "9"]
[White "Ortlepp, Klaudia"]
[Black "Ruppert, Paula"]
[Result "0-1"]
[Termination "normal"]
[Board "42"]
[WhiteElo "1243"]
[BlackElo "1443"]
[PlyCount "84"]
[WhiteFideId "16206045"]
[BlackFideId "12979996"]
[EventCountry "GER"]
[EventRounds "11"]
[EventType "swiss"]
[EventDate "2015.05.23"]

1. e4 d5 2. exd5 Qxd5 3. Nc3 Qd6 4. Nf3 Nf6 5. Be2 a6 6. d3 b5 7. Be3 Bb7 8. a3
e6 9. O-O Be7 10. Qd2 O-O 11. Bf4 Qb6 12. Rad1 c5 13. Qe3 Rd8 14. Nb1 Nd5 15.
Qd2 Nd7 16. Nc3 N7f6 17. Bg3 Rac8 18. Bh4 h6 19. Nxd5 Nxd5 20. Bxe7 Nxe7 21. b3
Nf5 22. Rb1 b4 23. a4 a5 24. Ne5 Bd5 25. Bf3 Nd4 26. Bxd5 exd5 27. Rfe1 Re8 28.
Qf4 Qc7 29. Qg3 Nxc2 30. Re2 Nd4 31. Ree1 f6 32. Nf3 Ne2+ 33. Rxe2 Rxe2 34. Qh3
Rce8 35. Qg4 Qc8 36. Qg3 c4 37. dxc4 dxc4 38. bxc4 Qxc4 39. Rf1 b3 40. h3 b2
41. h4 Qc1 42. Qg6 R8e4 0-1

[Event "DEM U12/U12w 2015"]
[Site "Willingen GER"]
[Date "2015.05.29"]
[Round "9"]
[White "Kurzweil, Naemi"]
[Black "Zha, Kevin"]
[Result "1-0"]
[Termination "normal"]
[Board "43"]
[WhiteElo "1232"]
[BlackElo "1154"]
[PlyCount "115"]
[WhiteFideId "12985708"]
[BlackFideId "16208951"]
[EventCountry "GER"]
[EventRounds "11"]
[EventType "swiss"]
[EventDate "2015.05.23"]

1. e4 e5 2. Nf3 Nc6 3. Bc4 Nf6 4. d3 h6 5. Nc3 Bc5 6. Bd2 d6 7. a3 Bg4 8. h3
Bh5 9. g4 Bg6 10. Nh4 Nxg4 11. Qxg4 Qf6 12. O-O-O h5 13. Nd5 hxg4 14. Nxf6+
gxf6 15. hxg4 Bxf2 16. Nxg6 Rxh1 17. Rxh1 O-O-O 18. Bxf7 Kb8 19. Rh8 Rxh8 20.
Nxh8 Nd8 21. Bc4 c6 22. g5 fxg5 23. Bxg5 Kc7 24. Nf7 Nxf7 25. Bxf7 a5 26. Kd2
Bb6 27. Be3 c5 28. b3 Ba7 29. Kc3 b6 30. Kc4 Kd7 31. Bg5 Bb8 32. Kb5 Bc7 33.
Bg8 Kc8 34. Kc6 Kb8 35. Be6 a4 36. bxa4 b5 37. axb5 c4 38. dxc4 Ba5 39. Kxd6
Kb7 40. Kxe5 Kb6 41. Kd6 Bc3 42. Bc8 Ka5 43. Bd8+ Ka4 44. b6 Kxa3 45. b7 Kb2
46. b8=Q+ Kc1 47. c5 Kxc2 48. c6 Bd2 49. Bf5 Bf4+ 50. e5+ Kc3 51. c7 Kd4 52.
c8=Q Bxe5+ 53. Ke6 Bxb8 54. Qxb8 Kc4 55. Qd6 Kb3 56. Qc5 Ka2 57. Qb4 Ka1 58.
Qb1# 1-0

[Event "DEM U12/U12w 2015"]
[Site "Willingen GER"]
[Date "2015.05.29"]
[Round "9"]
[White "Sinnhöfer, Lilian"]
[Black "Rothenberg, Nina"]
[Result "1-0"]
[Termination "normal"]
[Board "44"]
[WhiteElo "1106"]
[BlackElo "1174"]
[PlyCount "53"]
[WhiteFideId "12977586"]
[BlackFideId "16208943"]
[EventCountry "GER"]
[EventRounds "11"]
[EventType "swiss"]
[EventDate "2015.05.23"]

1. e4 e5 2. Nf3 Nc6 3. d4 exd4 4. Nxd4 Bc5 5. Be3 Qf6 6. c3 Nge7 7. Be2 d5 8.
O-O dxe4 9. Nb5 Bd6 10. Nd2 Qe5 11. Nxd6+ cxd6 12. Nc4 Qe6 13. Nxd6+ Kf8 14.
Bc4 Qg6 15. Bxf7 Qf6 16. Bc4 Bf5 17. Nxb7 Rb8 18. Nc5 Rxb2 19. Qc1 Rb8 20. f3
exf3 21. Rxf3 Ne5 22. Rf4 Nxc4 23. Rxc4 Kf7 24. Rf4 Rhe8 25. Nd7 Qd6 26. Nxb8
Qxb8 27. g4 1-0

[Event "DEM U12/U12w 2015"]
[Site "Willingen GER"]
[Date "2015.05.29"]
[Round "9"]
[White "Biermann, Sophie"]
[Black "Nguyen, Vanessa"]
[Result "0-1"]
[Termination "normal"]
[Board "45"]
[WhiteElo "1136"]
[BlackElo "923"]
[PlyCount "122"]
[WhiteFideId "16208960"]
[BlackFideId "12993492"]
[EventCountry "GER"]
[EventRounds "11"]
[EventType "swiss"]
[EventDate "2015.05.23"]

1. e4 e5 2. Nf3 Nc6 3. Bc4 Nf6 4. d3 Be7 5. Be3 O-O 6. Nc3 d6 7. h3 Be6 8. Nd5
Qd7 9. Nxe7+ Nxe7 10. Bxe6 fxe6 11. Qe2 d5 12. Nxe5 Qd6 13. Ng4 Nd7 14. O-O-O
a5 15. a3 b5 16. Bg5 b4 17. a4 Nb6 18. b3 Nc6 19. e5 Qc5 20. Be3 Nd4 21. Bxd4
Qxd4 22. Kb1 c5 23. Ne3 Qxe5 24. g4 d4 25. h4 dxe3 26. Qxe3 Qxe3 27. fxe3 Nd5
28. Rde1 g6 29. h5 g5 30. e4 Nc3+ 31. Kb2 h6 32. Rhg1 Rf2 33. Rgf1 Rf7 34. Rg1
Raf8 35. Rh1 Rf2 36. Kc1 Rg2 37. Rhf1 Rff2 38. Rxf2 Rxf2 39. Kb2 Kf7 40. e5 Rf3
41. Kc1 Rf2 42. Kb2 Nd5 43. Rd1 Ne3 44. Rc1 Nxg4 45. Rd1 Nxe5 46. d4 cxd4 47.
Rxd4 g4 48. Rd1 g3 49. Rg1 g2 50. Kc1 Nf3 51. Rxg2 Rxg2 52. Kd1 Kf6 53. Kc1 Kg5
54. Kd1 Kxh5 55. Kc1 Kg5 56. Kd1 h5 57. Kc1 h4 58. Kb2 h3 59. Kc1 h2 60. Kb2
h1=Q 61. Ka2 Rxc2# 0-1

[Event "DEM U12/U12w 2015"]
[Site "Willingen GER"]
[Date "2015.05.29"]
[Round "9"]
[White "Peters, Malte"]
[Black "Fuchs, Emily"]
[Result "1-0"]
[Termination "normal"]
[Board "46"]
[WhiteElo "1007"]
[BlackElo "946"]
[PlyCount "93"]
[WhiteFideId "16208978"]
[BlackFideId "16208986"]
[EventCountry "GER"]
[EventRounds "11"]
[EventType "swiss"]
[EventDate "2015.05.23"]

1. e4 e5 2. Nf3 Nc6 3. Bc4 Bc5 4. c3 Nf6 5. d4 exd4 6. cxd4 Bb4+ 7. Nc3 Nxe4 8.
O-O Nxc3 9. bxc3 Bxc3 10. Ba3 d6 11. Rc1 Ba5 12. d5 Ne7 13. Qa4+ Bd7 14. Qxa5
b6 15. Qc3 O-O 16. Bb2 Nf5 17. Bd3 f6 18. Qc2 Qc8 19. Nd4 g6 20. Qxc7 Qxc7 21.
Rxc7 Rfd8 22. Nxf5 Bxf5 23. Bxf5 gxf5 24. Bxf6 Rdc8 25. Rfc1 Rxc7 26. Rxc7 Re8
27. Kf1 a5 28. Rg7+ Kf8 29. Rxh7 Re4 30. Rh4 Kf7 31. Rxe4 fxe4 32. Bd4 b5 33.
Ke2 b4 34. Bb2 Kg6 35. f3 Kf5 36. Ke3 a4 37. f4 a3 38. Ba1 b3 39. axb3 a2 40.
b4 Kg4 41. b5 Kf5 42. b6 Kg4 43. b7 Kf5 44. b8=Q Kg4 45. Qxd6 Kh4 46. Qe5 Kg4
47. Qg5# 1-0

[Event "DEM U12/U12w 2015"]
[Site "Willingen GER"]
[Date "2015.05.29"]
[Round "10"]
[White "Trifan, Andrei Ioan"]
[Black "Tong, Kevin"]
[Result "1-0"]
[Termination "normal"]
[Board "1"]
[WhiteElo "1864"]
[BlackElo "2017"]
[WhiteClock "00:18:05"]
[BlackClock "00:01:49"]
[PlyCount "59"]
[WhiteFideId "12967068"]
[BlackFideId "12913944"]
[EventCountry "GER"]
[EventRounds "11"]
[EventType "swiss"]
[EventDate "2015.05.23"]

1. e4 c5 2. Nf3 Nc6 3. d4 cxd4 4. Nxd4 g6 5. c4 Bg7 6. Be3 Nf6 7. Nc3 O-O 8.
Be2 d6 9. O-O Nxd4 10. Bxd4 Bd7 11. Rc1 Bc6 12. f3 a5 13. Qd2 Nd7 14. Be3 Nc5
15. b3 f5 16. exf5 Rxf5 17. Rfd1 Qc7 18. Nd5 Bxd5 19. cxd5 b6 20. Bb5 Raf8 21.
a3 Qb7 22. Qc2 Be5 23. b4 axb4 24. axb4 Na6 25. Qc4 Nb8 26. Qc7 Qa8 27. Qxe7
Qa3 28. Bh6 Rxf3 29. gxf3 Qxf3 30. Qxf8+ 1-0

[Event "DEM U12/U12w 2015"]
[Site "Willingen GER"]
[Date "2015.05.29"]
[Round "10"]
[White "Stork, Oliver"]
[Black "Suvorov, Alexander"]
[Result "1/2-1/2"]
[Termination "normal"]
[Board "2"]
[WhiteElo "1844"]
[BlackElo "1938"]
[WhiteClock "00:07:33"]
[BlackClock "00:02:08"]
[PlyCount "90"]
[WhiteFideId "12955728"]
[BlackFideId "12977063"]
[EventCountry "GER"]
[EventRounds "11"]
[EventType "swiss"]
[EventDate "2015.05.23"]

1. c4 c5 2. g3 g6 3. Bg2 Bg7 4. Nc3 Nc6 5. d3 Nf6 6. e4 d6 7. Nge2 O-O 8. O-O
Rb8 9. Be3 a6 10. a4 Ne8 11. Rb1 Nc7 12. d4 cxd4 13. Nxd4 Ne6 14. Nde2 a5 15.
Qc2 b6 16. Rbc1 Nc5 17. b3 Be6 18. Rfd1 Ne5 19. h3 Qc8 20. Kh2 f5 21. f4 Nc6
22. Nd4 Nxd4 23. Bxd4 Bxd4 24. Rxd4 fxe4 25. Nxe4 Bf5 26. g4 Bxe4 27. Bxe4 Nxe4
28. Qxe4 Rf7 29. Qd5 Qc5 30. Re1 Qxd5 31. Rxd5 Kf8 32. Kg3 Rc8 33. Rb5 Rc6 34.
Re4 Ke8 35. h4 Kd7 36. f5 gxf5 37. Rxf5 Rg7 38. Ref4 Rc8 39. Kf3 Rcg8 40. g5
Kc6 41. Ke4 e5 42. Rf3 h6 43. Rg3 Kc5 44. Kd3 Kc6 45. Ke4 Kc5 1/2-1/2

[Event "DEM U12/U12w 2015"]
[Site "Willingen GER"]
[Date "2015.05.29"]
[Round "10"]
[White "Li, Simon"]
[Black "Dobrikov, Marco"]
[Result "0-1"]
[Termination "normal"]
[Board "3"]
[WhiteElo "1907"]
[BlackElo "1947"]
[WhiteClock "00:22:51"]
[BlackClock "00:49:30"]
[PlyCount "76"]
[WhiteFideId "12972134"]
[BlackFideId "12950378"]
[EventCountry "GER"]
[EventRounds "11"]
[EventType "swiss"]
[EventDate "2015.05.23"]

1. e4 c5 2. Nf3 Nc6 3. d4 cxd4 4. Nxd4 e5 5. Nb5 d6 6. N1c3 a6 7. Na3 b5 8. Nd5
Nce7 9. Bg5 Rb8 10. Be2 h6 11. Bh4 Qa5+ 12. c3 Nxd5 13. Qxd5 Be6 14. Qd2 Qb6
15. Rd1 Ne7 16. Qxd6 Qxd6 17. Rxd6 Ng6 18. Rxe6+ fxe6 19. Bh5 Kf7 20. O-O Rb7
21. f4 Bc5+ 22. Kh1 Rc8 23. Nb1 Rd7 24. h3 exf4 25. e5 Be3 26. g3 Rc4 27. Na3
Re4 28. Nc2 Rxe5 29. Bxg6+ Kxg6 30. gxf4 Re4 31. Re1 Rxf4 32. Bg3 Bf2 33. Bxf4
Bxe1 34. Nxe1 Rd1 35. Bg3 Rd2 36. b4 Rxa2 37. Nd3 Kf5 38. Bf2 Rd2 0-1

[Event "DEM U12/U12w 2015"]
[Site "Willingen GER"]
[Date "2015.05.29"]
[Round "10"]
[White "Yankelevich, Michael"]
[Black "Post, Hugo"]
[Result "1-0"]
[Termination "normal"]
[Board "4"]
[WhiteElo "1810"]
[BlackElo "1774"]
[WhiteClock "01:00:27"]
[BlackClock "00:23:14"]
[PlyCount "45"]
[WhiteFideId "12921440"]
[BlackFideId "12962490"]
[EventCountry "GER"]
[EventRounds "11"]
[EventType "swiss"]
[EventDate "2015.05.23"]

1. e4 c5 2. Nc3 Nc6 3. Bb5 Nd4 4. Bc4 g6 5. Nf3 Bg7 6. Nxd4 cxd4 7. Qf3 e6 8.
Nb5 d6 9. Qa3 Ne7 10. Qxd6 O-O 11. Qg3 e5 12. O-O a6 13. Na3 Bd7 14. c3 Nc6 15.
Nc2 Rc8 16. f4 dxc3 17. dxc3 Nd4 18. Bd3 Nxc2 19. Bxc2 Qb6+ 20. Qf2 Qc7 21. f5
Bb5 22. Rd1 Kh8 23. f6 1-0

[Event "DEM U12/U12w 2015"]
[Site "Willingen GER"]
[Date "2015.05.29"]
[Round "10"]
[White "Weishäutel, Moritz"]
[Black "Yi, Danny"]
[Result "1/2-1/2"]
[Termination "normal"]
[Board "5"]
[WhiteElo "1963"]
[BlackElo "1778"]
[WhiteClock "00:43:47"]
[BlackClock "00:42:36"]
[PlyCount "75"]
[WhiteFideId "12967300"]
[BlackFideId "12988588"]
[EventCountry "GER"]
[EventRounds "11"]
[EventType "swiss"]
[EventDate "2015.05.23"]

1. e4 c5 2. Nf3 a6 3. c4 d6 4. d4 cxd4 5. Nxd4 Nf6 6. Nc3 e5 7. Nde2 Be7 8. Ng3
O-O 9. Be2 Nc6 10. Be3 Be6 11. O-O Nd7 12. Nd5 Rc8 13. Rc1 Bg5 14. Qd2 Bxe3 15.
fxe3 Ne7 16. Nxe7+ Qxe7 17. Nf5 Bxf5 18. exf5 Nf6 19. Rfd1 Rfd8 20. c5 dxc5 21.
Rxc5 Ne4 22. Rxe5 Rxd2 23. Rxe7 Rxe2 24. Rxe4 Rxb2 25. Red4 Kf8 26. R1d2 Rc1+
27. Kf2 Rcc2 28. Rd8+ Ke7 29. R8d7+ Kf8 30. Rd8+ Ke7 31. R8d7+ Kf6 32. Rxc2
Rxc2+ 33. Kf3 Rxa2 34. Rxb7 Kxf5 35. Rxf7+ Kg6 36. Ra7 a5 37. h4 h5 38. g3
1/2-1/2

[Event "DEM U12/U12w 2015"]
[Site "Willingen GER"]
[Date "2015.05.29"]
[Round "10"]
[White "Zimmer, Raphael"]
[Black "Biermann, Florian"]
[Result "0-1"]
[Termination "normal"]
[Board "6"]
[WhiteElo "1977"]
[BlackElo "1709"]
[WhiteClock "00:15:06"]
[BlackClock "00:11:14"]
[PlyCount "122"]
[WhiteFideId "12978841"]
[BlackFideId "12970069"]
[EventCountry "GER"]
[EventRounds "11"]
[EventType "swiss"]
[EventDate "2015.05.23"]

1. e4 c5 2. Nf3 e6 3. d4 cxd4 4. Nxd4 a6 5. c4 Nf6 6. Nc3 Qc7 7. a3 b6 8. Be3
Bb7 9. f3 d6 10. Qd2 Nbd7 11. Be2 Be7 12. O-O O-O 13. Rac1 Rac8 14. Rfd1 Qb8
15. Qe1 Ne5 16. Na4 Nfd7 17. Kh1 Ba8 18. Qg1 Nc5 19. Nc3 Nc6 20. Nxc6 Bxc6 21.
b4 Na4 22. b5 Nxc3 23. Rxc3 Bxb5 24. Bxb6 Rc6 25. Ba7 Qc7 26. Rdc1 d5 27. Bd4
Bxc4 28. exd5 exd5 29. Bd3 Bg5 30. R1c2 Rb8 31. Qf1 Rb3 32. Rxb3 Bxb3 33. Rxc6
Qxc6 34. Bxa6 Bc4 35. Bxc4 dxc4 36. Qe2 h6 37. g3 c3 38. Bxc3 Qxc3 39. Qe8+ Kh7
40. Qxf7 Bf6 41. Qd5 Qxa3 42. Qf5+ Kg8 43. Qe6+ Kf8 44. Qc8+ Kf7 45. Qc4+ Ke7
46. Qc7+ Ke6 47. Qc8+ Kd5 48. Qb7+ Kc4 49. Qe4+ Kb3 50. Qd3+ Ka2 51. Qxa3+ Kxa3
52. h4 Kb3 53. f4 Kc4 54. Kg2 Kd4 55. Kf3 Kd3 56. h5 Kd2 57. g4 Kd3 58. g5 hxg5
59. Kg4 Ke4 60. fxg5 Bd4 61. h6 g6 0-1

[Event "DEM U12/U12w 2015"]
[Site "Willingen GER"]
[Date "2015.05.29"]
[Round "10"]
[White "Suvorov, Luca"]
[Black "Paeslack, Luis"]
[Result "0-1"]
[Termination "normal"]
[Board "7"]
[WhiteElo "1832"]
[BlackElo "1775"]
[WhiteClock "00:02:32"]
[BlackClock "00:14:15"]
[PlyCount "90"]
[WhiteFideId "12977071"]
[BlackFideId "12987760"]
[EventCountry "GER"]
[EventRounds "11"]
[EventType "swiss"]
[EventDate "2015.05.23"]

1. d4 d5 2. c4 e6 3. Nf3 c6 4. e3 f5 5. g3 Nf6 6. Bg2 Bd6 7. b3 O-O 8. O-O Ne4
9. Ba3 Qe7 10. Bxd6 Qxd6 11. Nbd2 Nd7 12. Qc2 Ndf6 13. a3 Bd7 14. b4 a6 15. c5
Qc7 16. Rab1 Rac8 17. Ne5 Be8 18. a4 Nxd2 19. Qxd2 Nd7 20. Nxd7 Qxd7 21. Rb2
Bg6 22. f4 Qc7 23. Rfb1 Ra8 24. b5 axb5 25. axb5 Rfb8 26. Qb4 cxb5 27. Qxb5 Be8
28. Qb6 Qxb6 29. Rxb6 Bc6 30. Bf1 Kf7 31. Bb5 Rc8 32. Bxc6 bxc6 33. Rb7+ Kf6
34. R1b2 Ra1+ 35. Kg2 Re1 36. Kf2 Rh1 37. Kf3 Rf1+ 38. Rf2 Ra1 39. h3 h5 40. g4
Rh1 41. g5+ Kg6 42. Kg2 Re1 43. Rf3 Re2+ 44. Kg3 h4+ 45. Kxh4 Rg2 0-1

[Event "DEM U12/U12w 2015"]
[Site "Willingen GER"]
[Date "2015.05.29"]
[Round "10"]
[White "Nguyen, Alex Dac-Vuong"]
[Black "Köllner, Ruben Gideon"]
[Result "1-0"]
[Termination "normal"]
[Board "9"]
[WhiteElo "1885"]
[BlackElo "1649"]
[PlyCount "107"]
[WhiteFideId "12984388"]
[BlackFideId "12993093"]
[EventCountry "GER"]
[EventRounds "11"]
[EventType "swiss"]
[EventDate "2015.05.23"]

1. e4 d6 2. d4 Nf6 3. f3 e5 4. d5 c6 5. c4 Be7 6. Be3 cxd5 7. cxd5 Nbd7 8. Nc3
O-O 9. Qd2 b6 10. Bd3 Nc5 11. Bc2 a5 12. Nge2 Nfd7 13. O-O Ba6 14. Rfc1 Rc8 15.
a3 Bc4 16. b4 Nb3 17. Bxb3 Bxb3 18. Nb5 Rxc1+ 19. Rxc1 a4 20. Rc6 Qb8 21. Qc1
Rd8 22. Rc7 Bf8 23. Qc6 Nf6 24. Bg5 h6 25. Bxf6 gxf6 26. Ng3 Qa8 27. Qxa8 Rxa8
28. Nf5 Rd8 29. Rc6 h5 30. Nbxd6 Bxd6 31. Nxd6 Rb8 32. Rc8+ Rxc8 33. Nxc8 b5
34. Nd6 Kf8 35. Nxb5 Ke7 36. Na7 Kd7 37. Kf2 Bc4 38. Nc6 Bb5 39. h4 f5 40.
Nxe5+ Ke7 41. Nc6+ Kd6 42. Nd4 Bd7 43. Nxf5+ Bxf5 44. exf5 Kxd5 45. g4 hxg4 46.
fxg4 Kc4 47. g5 Kb3 48. b5 Kxa3 49. b6 Ka2 50. b7 a3 51. b8=Q Ka1 52. Qb3 a2
53. Qc2 f6 54. Qc1# 1-0